| 000 | 00546nam a2200205Ia 4500 | ||
|---|---|---|---|
| 003 | OSt | ||
| 005 | 20250303133618.0 | ||
| 008 | 210210b1970 xxu||||| |||| 00| 0 eng d | ||
| 040 | _cAL | ||
| 041 | _ahin | ||
| 082 | _aH891.8 FRIB | ||
| 100 |
_aFRITUS (F C): _9203401 |
||
| 110 |
_bफ्रिटस ऍफ़ सी _9203402 |
||
| 245 |
_aBapu. P II: _bबापू पार्ट २ |
||
| 260 |
_aNayi Dilli _bNational Book Trust _c1970 |
||
| 300 | _a63 | ||
| 690 |
_aHindi Miscellaneous _9203403 |
||
| 906 | _a029281 | ||
| 942 |
_2ddc _cBK |
||
| 999 |
_c80502 _d80502 |
||